Política Nacional para la niñez y la adolescencia en Costa Rica 2009-2021
| Байгууллагын зохиогч: | |
|---|---|
| Формат: | Ном |
| Хэл сонгох: | испани |
| Хэвлэсэн: |
Costa Rica :
Ediciones Sanabria S.A,
2009
|
| Нөхцлүүд: |
MARC
| LEADER | 00000nam a2200000Ia 4500 | ||
|---|---|---|---|
| 008 | 170522b2009 cr ||||| |||| 00| | spa d | ||
| 999 | |c 1240 |d 1240 | ||
| 090 | |a 02.04.02 |b 1778 | ||
| 110 | 2 | |a Consejo Nacional para la Niñez y la Adolescencia |9 2818 | |
| 245 | 1 | 0 | |a Política Nacional para la niñez y la adolescencia en Costa Rica 2009-2021 |
| 260 | |a Costa Rica : |b Ediciones Sanabria S.A, |c 2009 | ||
| 300 | |a 118 páginas | ||
| 650 | 1 | 4 | |9 5 |a ADOLESCENTES |
| 650 | 1 | 4 | |a NIÑOS |9 59 |
| 650 | 1 | 4 | |a NIÑAS |9 60 |
| 942 | |i 002790 |h 02.04.02 1778 |2 z |c 01 | ||
